Statistics for 10-finger - Der er et yndigt land

Click here to take the quiz!

General Stats

  • This quiz has been taken 670 times
  • The average score is 22 of 55

Answer Stats

Tekst% Correct
Der
100%
er
100%
et
100%
yndigt
99%
land
99%
det
98%
står
97%
med
97%
brede
95%
bøge
92%
nær
80%
salten
77%
østerstrand
64%
nær
59%
salten
56%
østerstrand
53%
Det
51%
bugter
44%
sig
44%
i
44%
bakke
41%
dal
40%
det
40%
hedder
38%
gamle
36%
Danmark
36%
det
33%
og
32%
er
32%
Frejas
29%
sal
27%
det
27%
og
26%
er
26%
Frejas
23%
sal
20%
Vort
10%
gamle
10%
Danmark
9%
skal
8%
bestå
8%
6%
længe
6%
bøgen
5%
spejler
5%
sin
5%
top
4%
i
4%
bølgen
4%
blå
4%
sin
4%
top
3%
i
3%
bølgen
3%
blå
2%

Score Distribution

Percentile by Number Answered

Percent of People with Each Score

Your Score History

You have not taken this quiz